00456nam a2200181 a 450000100060000000300090000600800410001502000150005604000280007108200150009910000200011424500160013425000060015026000410015630000080019765000480020565000210025321491CO-ViMGA141112s2004 ck r 000 u spa d a9507312471 aCO-ViMGAbspacCO-ViMGA04aA863 S137e1 aSaer, Juan Jose10aEl entenado a4 aBuenos Aires : bSeix Barral, c2004 a19214aINDIGENAS DE ARGENTINA - SIGLO XVI - NOVELA14aNOVELA ARGENTINA